世界各国第一名人(群友投票版) - Statistics

General Stats
  • This quiz has been taken 69 times
  • The average score is 6 of 15
Answer Stats
人物 国家 % Correct
毛泽东 中国
100%
金日成 朝鲜
100%
朴载相(鸟叔) 韩国
100%
织田信长 日本
100%
波尔布特 柬埔寨
100%
李光耀 新加坡
100%
苏哈托 印度尼西亚
100%
斯大林 格鲁吉亚
100%
萨达姆·侯赛因/汉谟拉比 伊拉克
100%
耶稣 巴勒斯坦/以色列
100%
拿破仑·波拿巴 法国
100%
安徒生 丹麦
100%
诺贝尔 瑞典
100%
爱因斯坦 德国
100%
恺撒 意大利
100%
齐奥塞斯库/弗拉德三世 罗马尼亚
100%
Azis(妖王) 保加利亚
100%
乔治·华盛顿 美国
100%
西蒙·玻利瓦尔 委内瑞拉
100%
贝利 巴西
100%
胡志明 越南
89%
艾萨克·牛顿 英国
88%
列宁 俄罗斯
88%
毕加索 西班牙
86%
铁托 克罗地亚
83%
甘地 印度
80%
麦哲伦 葡萄牙
80%
贾斯丁·比伯/白求恩 加拿大
80%
拉玛五世/叻莉莎·玛诺班(LISA) 泰国
75%
默罕默德二世 土耳其
75%
希特勒 奥地利
75%
陈亚先 苏里南
75%
萧伯纳 爱尔兰
71%
吴尊 文莱
67%
尤塞恩·博尔特 牙买加
67%
加西亚·马尔克斯/夏奇拉 哥伦比亚
67%
纳扎尔巴耶夫 哈萨克斯坦
63%
斯坎德培/恩维尔·霍查 阿尔巴尼亚
60%
真纳 巴基斯坦
57%
卡扎菲 利比亚
57%
成吉思汗 蒙古
50%
释迦牟尼 尼泊尔
50%
吉格梅·凯萨尔·纳姆耶尔·旺楚克 不丹
50%
尼亚佐夫 土库曼斯坦
50%
梵·高 荷兰
50%
卢卡申科/吉米多维奇 白俄罗斯
50%
达乌达·贾瓦拉/叶海亚·贾梅 冈比亚
50%
勃列日涅夫 乌克兰
44%
凯山·丰威汉 老挝
43%
梁静茹 马来西亚
43%
哈菲兹·阿萨德 叙利亚
43%
萨迪奥·马内 塞内加尔
43%
莽应龙 缅甸
40%
穆罕默德 沙特阿拉伯
40%
居里夫人 波兰
40%
博卡萨一世 中非
40%
桑地诺 尼加拉瓜
40%
切·格瓦拉 阿根廷
38%
德约科维奇 塞尔维亚
33%
桑卡拉 布基纳法索
33%
迪迪埃·德罗巴 科特迪瓦
33%
卡加梅 卢旺达
33%
穆加贝 津巴布韦
33%
特鲁希略 多米尼加
33%
皮诺切特 智利
33%
亚历山大 希腊
30%
路易斯·苏亚雷斯 乌拉圭
30%
阿尔贝·加缪 阿尔及利亚
29%
霍梅尼/居鲁士大帝 伊朗
25%
哈利法 阿联酋
25%
阿蒙森 挪威
25%
乔治·维阿 利比里亚
25%
马蒂厄·克雷库 贝宁
25%
阿尔韦托·藤森/巴勃罗·聂鲁达 秘鲁
25%
鲁伯特·默多克 澳大利亚
25%
阿利耶夫 阿塞拜疆
20%
纪伯伦 黎巴嫩
20%
查理曼 比利时
20%
曼纳海姆 芬兰
20%
科菲·安南 加纳
20%
海尔·塞拉西 埃塞俄比亚
20%
菲德尔·卡斯特罗 古巴
20%
蕾哈娜 巴巴多斯
20%
帖木儿 乌兹别克斯坦
17%
亚历山大·杜布切克 斯洛伐克
17%
纳赛尔/克利奥帕特拉七世 埃及
17%
伊本·白图泰 摩洛哥
17%
曼萨·穆萨 马里
17%
伊迪·阿明 乌干达
17%
比约克 冰岛
14%
欧拉 瑞士
14%
闵可夫斯基 立陶宛
14%
曼尼·帕奎奥 菲律宾
13%
艾哈迈德沙·杜兰尼 阿富汗
13%
蒙特祖玛一世 墨西哥
13%
纳瓦斯 哥斯达黎加
11%
夏纳纳·古斯芒 东帝汶
0%
穆吉布·拉赫曼 孟加拉国
0%
兰加·迪亚斯 斯里兰卡
0%
伏龙芝 吉尔吉斯斯坦
0%
拉赫蒙 塔吉克斯坦
0%
阿纳斯塔斯·米高扬 亚美尼亚
0%
马卡里奥斯大主教 塞浦路斯
0%
叶海亚·萨里阿/阿卜杜拉·萨拉勒 也门
0%
赛义德·本·苏尔坦 阿曼
0%
亨利七世/让-克洛德·容克 卢森堡
0%
夏尔·勒克莱尔 摩纳哥
0%
康斯坦丁·佩茨 爱沙尼亚
0%
卡尔利斯·乌尔马尼斯/芮丹尼 拉脱维亚
0%
阿尔丰斯·穆夏/西格蒙德·弗洛伊德 捷克
0%
李斯特 匈牙利
0%
梅拉尼娅·特朗普 斯洛文尼亚
0%
普林西普 波黑
0%
米洛·久卡诺维奇 黑山
0%
查士丁尼一世 北马其顿
0%
汉尼拔·巴卡 突尼斯
0%
马赫迪 苏丹
0%
赛义尼·孔切 尼日尔
0%
松迪亚塔 几内亚
0%
卡塔尔·莫雷拉 几内亚比绍
0%
阿里科·丹格特 尼日利亚
0%
萨穆埃尔·埃托奥 喀麦隆
0%
马西埃 赤道几内亚
0%
让·平 加蓬
0%
帕特里斯·卢蒙巴 刚果金
0%
谭德塞 厄立特里亚
0%
西亚德·巴雷 索马里
0%
埃鲁德·基普乔格 肯尼亚
0%
佛莱迪·摩克瑞 坦桑尼亚
0%
贝哈蒂·普林斯露 纳米比亚
0%
塞雷茨·卡马 博茨瓦纳
0%
哈科沃·阿本斯 危地马拉
0%
马克西米利亚诺·马丁内斯 萨尔瓦多
0%
曼努埃尔·诺列加 巴拿马
0%
弗朗索瓦·杜瓦利埃 海地
0%
阿瑟·刘易斯 圣卢西亚
0%
莫里斯·毕晓普 格林纳达
0%
妮奇·米娜 特立尼达和多巴哥
0%
乌戈·班赛尔 玻利维亚
0%
拉斐尔·佛朗哥/拉里萨·里克尔梅 巴拉圭
0%
卢瑟福 新西兰
0%
乔治·图普一世/皮塔·塔乌法托法 汤加
0%
No matching quizzes found
Score Distribution
Percent of People with Each Score
Percentile by Number Answered
Your Score History
You have not taken this quiz